| 000 | 00499pab a2200157 454500 | ||
|---|---|---|---|
| 008 | 180718b2015 xxu||||| |||| 00| 0 eng d | ||
| 100 | _aBanerjee, Shivaji | ||
| 245 | _aA longitudinal study on the interface between occupational stress and turnover intentions - an encounter of BPO employees | ||
| 260 | _c2015 | ||
| 300 | _ap.41-48. | ||
| 362 | _aJan-Mar | ||
| 650 | _aOccupational disease | ||
| 700 | _aGuha, Sumana | ||
| 773 | _aIndian Journal of Training and Development | ||
| 909 | _a108273 | ||
| 999 |
_c108268 _d108268 |
||